History and class consciousness: Studies in Maxist dialecties (Record no. 394664)
[ view plain ]
| 000 -LEADER | |
|---|---|
| fixed length control field | 00584 a2200217 4500 |
| 005 - DATE & TIME | |
| control field | 20260314095116.0 |
| 008 - FIXED-LENGTH DATA ELEMENTS--GENERAL INFORMATION | |
| fixed length control field | 260313b |||||||| |||| 00| 0 eng d |
| 020 ## - ISBN | |
| International Standard Book Number | 9789350024126 |
| Price | Rs. 650.00 |
| 040 ## - CATALOGING SOURCE | |
| Original cataloging agency | VIVEKANANDA LIBRARY |
| 082 ## - DDC NUMBER | |
| Classification number | 335.41 |
| Book Number | L968H |
| 100 ## - MAIN ENTRY--PERSONAL NAME | |
| Personal name | Lukacs, Georg |
| 245 ## - TITLE STATEMENT | |
| Title | History and class consciousness: Studies in Maxist dialecties |
| 260 ## - PUBLICATION, DISTRIBUTION, ETC. (IMPRINT) | |
| Name of publisher, distributor, etc | Aakar Books |
| Place of publication, distribution, etc | Delhi |
| Date of publication, distribution, etc | 2025 |
| 300 ## - PHYSICAL DESCRIPTION | |
| Pages | xlvii, 356 |
| 650 ## - Subject | |
| Subject | Economics |
| 650 ## - Subject | |
| Subject | Socialism |
| 650 ## - Subject | |
| Subject | Marxism |
| 650 ## - Subject | |
| Subject | Dialectical Materialism |
| 700 ## - Added Entry Personal Name | |
| Added Entry Personal Name | Livingstone, Rodney, tr. |
| 942 ## - ADDED ENTRY ELEMENTS (KOHA) | |
| Koha item type | Books |
| Withdrawn status | Lost status | Source of classification or shelving scheme | Damaged status | Not for loan | Location (home branch) | Sublocation or collection (holding branch) | Shelving location | Date acquired | Koha issues (times borrowed) | Koha full call number | Accession No. | Koha date last seen | Koha item type |
|---|---|---|---|---|---|---|---|---|---|---|---|---|---|
| Dewey Decimal Classification | VIVEKANANDA LIBRARY | VIVEKANANDA LIBRARY | Vivekananda Library | 18/02/2026 | 335.41 L968H | 438455 | 18/02/2026 | Books |
